000 02268cam a22004814i 4500
003 PE-LiUPU
005 20250731172940.0
008 150623s1982 xxk rb 000 0 spa d
020 _a0385000340
035 _a(Sirsi) i9780385000345
040 _aPE-LiUPU
_bspa
_cPE-LiUPU
_erda
049 _aPRUA
082 0 4 _a220.7
_bAB1982
_221
100 1 _aBoling, Robert G.,
_eautor.
245 1 0 _aJoshua.
_n6 /
_cRobert G. Boling.
264 1 _aNew York :
_bDoubleday,
_c1982.
300 _a580 páginas :
_bilustraciones mapas, fotos ;
_c24 centímetros
336 _atext
_2rdacontent
337 _aunmediated
_2rdamedia
338 _avolume
_2rdacarrier
490 0 _aThe Anchor Bible ;
_v6
504 _aIncluye bibliografia.
505 0 _aJoshua and Israel -- All Israel -- Opening the Jordan -- To the national memorial -- In other words -- All the people -- Closing the Jordan -- Reminder: the people for all peoples -- The royal reaction -- A renewal:Circumcision -- A resumption: passover -- Jericho: Initial success -- Achan as explanation -- Yahweh as victor -- The shechem valley covenant -- The exceptional alliance -- The former kingdoms -- Transjordan flashback -- Land that remains -- Reuben -- Gad. -Borders -- Caleb gets hebron; Othoniel takes debir -- Judah's towns. -Souther border -- Ephraim -- Benjamin -- Asylum-Tows -- Levirical Towns -- "Gerhonites" -- "Merarites" -- How to avoid civil war -- Theology by Joshua -- The Shechem covenant, and postcripts.
526 _aSEG42
526 _aSEG41
526 _aSEG40
526 _aSEG39
526 _aP94
526 _aP87
526 _aP86
526 _aP85
526 _aP77
526 _aP76
526 _aP35
630 _aBiblia.
_pA.T.
_pJosué
_xComentarios.
700 1 _aWright, G. Ernest,
_eautor.
942 _2ddc
_cBOOK
949 _a220.7 AB 6 1982
_wDEWEY
_c1
_i44543
_lCCODEBUL1
_mBUL
_r0
_sY
_tBOOK
_u2015-6-24
_xTEOLOGIA
_PP35
_0COMPRA
_o.STAFF. Colección Teología
994 _aC0
_bPEPRU
596 _a1
999 _a220.7 AB 6 1982
_wDEWEY
_c21427
_i44543
_d21427
_e2017-11-16
_f2021-11-9
_g5
_lCCODEBUL1
_mBUL
_n1
_p20.00
_q4
_r0
_sY
_tBOOK
_u2015-6-24
_xTEOLOGIA
_PP35
_0COMPRA
_o.STAFF. Colección Teología
980 _81
_gALBERTO SANCHEZ Responsable de Automatización